| 000 | 00834nam a22002657a 4500 | ||
|---|---|---|---|
| 003 | URS | ||
| 005 | 20250313162400.0 | ||
| 008 | 250214s2024 |||||||| |||| 00| 0 eng d | ||
| 020 | _a9781666868487 | ||
| 040 |
_benq _cURS _dURS _erda |
||
| 050 | 1 | 4 |
_aSB 185 _bT1533 2024 |
| 100 | 1 |
_aTan, Daniel _eauthor |
|
| 245 | 1 | 0 |
_aAgronomy principles and practices of crop production / _cDaniel Tan |
| 264 | 1 |
_aWilmington, Del. _bAmerican Academic Publisher _c[2024] |
|
| 264 | 4 | _c©2024 | |
| 300 |
_aix, 297 pages _billustrations _c26 cm |
||
| 336 |
_2rdacontent _atext |
||
| 337 |
_2rdamedia _aunmediated |
||
| 338 |
_2rdacarrier _avolume |
||
| 504 | _aIncludes bibliographical references and index. | ||
| 650 | 0 | _aAgronomy | |
| 650 | 0 |
_aCrop production _xPrinciples |
|
| 710 | 1 |
_4American Academic Publisher _epublisher |
|
| 942 |
_2lcc _cFR |
||
| 999 |
_c82334 _d82333 |
||